[Event "Chigorin Memorial 2012"]
[Site "St Petersburg RUS"]
[Date "2012.10.29"]
[Round "3.3"]
[White "Khismatullin,D"]
[Black "Golovin,Leo"]
[Result "1-0"]
[WhiteElo "2638"]
[BlackElo "2475"]

1.d4 Nf6 2.c4 e6 3.Nf3 b6 4.a3 Ba6 5.Qc2 d5 6.cxd5 exd5 7.Bg5 Be7 8.Nc3 O-O
9.Bxf6 Bxf6 10.e3 Bxf1 11.Kxf1 c6 12.g3 Qd6 13.Kg2 Nd7 14.Rac1 Rac8 15.Rhd1 Rfe8
16.h4 h6 17.Rd2 g6 18.Qd3 Bg7 19.Rdc2 Nb8 20.Ne2 h5 21.Nf4 Rc7 22.a4 Rec8
23.a5 bxa5 24.Qc3 Nd7 25.Qxa5 Nb6 26.b3 Bf8 27.Nd3 Nd7 28.b4 Rb8 29.Rc3 Rb6
30.Qa2 Rb8 31.R1c2 Rb5 32.Qa6 Rb6 33.Qa1 Qe6 34.Ng5 Qf5 35.Qa2 Be7 36.Nf4 Bxg5
37.hxg5 Rb5 38.Rxc6 Rxc6 39.Rxc6 Qe4+ 40.Kh2 Qf3 41.Rc7 Nb6 42.Nd3 h4 43.Ne5 hxg3+
44.fxg3 Qxe3 45.Ng4 Qf3 46.Nh6+ Kh8 47.Nxf7+ Kg8 48.Nh6+ Kh8 49.Rh7+  1-0

[Event "7th Kavalier Open"]
[Site "Vienna AUT"]
[Date "2012.10.29"]
[Round "4.14"]
[White "Paseka,C"]
[Black "Infuehr,Jakob"]
[Result "0-1"]
[WhiteElo "1717"]
[BlackElo "1859"]

1.d4 Nf6 2.c4 e6 3.Nf3 b6 4.a3 Bb7 5.Bg5 Be7 6.e3 h6 7.Bh4 O-O 8.Be2 d6 9.Nc3 Nbd7
10.O-O Ne4 11.Bxe7 Qxe7 12.Nxe4 Bxe4 13.Nd2 Bb7 14.Bf3 Bxf3 15.Nxf3 e5 16.dxe5 Nxe5
17.Nxe5 Qxe5 18.Qc2 f5 19.Rfd1 f4 20.exf4 Rxf4 21.Re1 Qd4 22.b3 Raf8 23.Ra2 a5
24.Qd2 a4 25.bxa4 Qxd2 26.Rxd2 Rxc4 27.Rd3 Ra8 28.g3 Raxa4 29.Re8+ Kh7 30.Rf3 Re4
31.Rxe4 Rxe4 32.Rc3 Re7 33.Rc6 Kg6 34.f4 Kf5 35.Kg2 Ke4 36.Rc1 Kd3 37.h4 Kd2
38.Rb1 d5 39.Rb2+ Kc3 40.Rf2 d4 41.g4 d3 42.Rf3 Kc2 43.g5 d2 44.Rf2 Kc1 45.gxh6 gxh6  0-1

[Event "16th OIBM 2012"]
[Site "Bad Wiessee GER"]
[Date "2012.10.30"]
[Round "4.5"]
[White "Nyzhnyk,I"]
[Black "Morawietz,D"]
[Result "1-0"]
[WhiteElo "2620"]
[BlackElo "2408"]

1.d4 Nf6 2.c4 e6 3.Nf3 b6 4.a3 Ba6 5.Qc2 Bb7 6.Nc3 c5 7.dxc5 Bxc5 8.Bf4 O-O
9.Rd1 Nc6 10.e3 Be7 11.Be2 Rc8 12.O-O a6 13.Nd2 d6 14.b4 a5 15.Qb2 axb4 16.axb4 d5
17.cxd5 exd5 18.b5 Na5 19.Nf3 Nc4 20.Bxc4 Rxc4 21.Ne5 Rb4 22.Qa2 Qa8 23.Ra1 d4
24.Qxa8 Bxa8 25.exd4 Rxd4 26.Be3 Rd6 27.Nc4 Rd3 28.Rfc1 Ne4 29.Nxe4 Bxe4
30.Nxb6 Rb3 31.Bc5 Bxc5 32.Rxc5 Bd3 33.Nd7 Re8 34.Re5 Rc8 35.Nc5 f6 36.Nxb3 fxe5
37.b6 Be4 38.Rc1 Rb8 39.Nc5 Bc6 40.b7 Kf7 41.f3 Bd5 42.Rd1 Bc6 43.Nd7  1-0

[Event "Chigorin Memorial"]
[Site "St Petersburg RUS"]
[Date "2012.10.30"]
[Round "4.18"]
[White "Swiercz,D"]
[Black "Socko,M"]
[Result "1-0"]
[WhiteElo "2609"]
[BlackElo "2445"]

1.d4 Nf6 2.c4 e6 3.Nf3 b6 4.a3 Bb7 5.Nc3 d5 6.cxd5 exd5 7.Bg5 Be7 8.Qa4+ Bc6
9.Qc2 O-O 10.e3 Bb7 11.Bd3 Nbd7 12.O-O c5 13.Rad1 c4 14.Bf5 g6 15.Bh3 Nh5
16.Bh6 Re8 17.Qa4 Ndf6 18.Ne5 Bd6 19.f4 a6 20.Qc2 b5 21.g4 Ng7 22.Qf2 Ne4
23.Nxe4 dxe4 24.f5 Bd5 25.f6 Ne6 26.g5 Qc7 27.Nxg6 hxg6 28.Bxe6 Bxe6 29.Qh4 Bxh2+
30.Kg2 Qg3+ 31.Qxg3 Bxg3 32.Kxg3 Rad8 33.d5 Bd7 34.Kf4 Bh3 35.Rh1 Bg2 36.Bg7  1-0

[Event "Chigorin Memorial"]
[Site "St Petersburg RUS"]
[Date "2012.10.30"]
[Round "4.78"]
[White "Portisch,L"]
[Black "Yakimenko,Alex"]
[Result "1/2-1/2"]
[WhiteElo "2495"]
[BlackElo "2220"]

1.d4 e6 2.c4 Nf6 3.Nf3 b6 4.a3 Ba6 5.e3 d5 6.Nbd2 Be7 7.b3 O-O 8.Bd3 Nbd7
9.Bb2 c5 10.O-O Rc8 11.Qe2 Bb7 12.Rac1 Ne4 13.Nb1 Bf6 14.a4 Qc7 15.cxd5 Bxd5
16.Na3 Qb8 17.Nc4 Rfd8 18.Nfe5 Nf8 19.Qc2 Nd6 20.Nxd6 Rxd6 21.Ng4 Be7 22.e4 Bb7
23.d5 Rdd8 24.Qc3 f6 25.dxe6 Qf4 26.Be2 Rd2 27.Bf3 Rcd8 28.g3 Qg5 29.Rcd1 Rxd1
30.Rxd1 Rxd1+ 31.Bxd1 Bxe4 32.Ne3 Bb7 33.Qd3 Kh8 34.Nf5 Qg6 35.Bc2 Qe8 36.Kf1 g6
37.Nd6 Qc6 38.Nxb7 Qxb7 39.Qc4 Qh1+ 40.Ke2 Qc6 41.Be4 Qxe6 42.Qxe6 Nxe6 43.Kd3 Kg7
44.Bb7 Bd6 45.Ke4 Nc7 46.Bd5 g5 47.Bc6 Kg6 48.h3 f5+ 49.Kf3 h5 50.Kg2 Kf7
51.Bf3 Kg6 52.Bc6 Kf7 53.Bf3 Kg6  1/2-1/2

[Event "Chigorin Memorial"]
[Site "St Petersburg RUS"]
[Date "2012.10.31"]
[Round "5.54"]
[White "Socko,M"]
[Black "Zhurikhin,A"]
[Result "1-0"]
[WhiteElo "2445"]
[BlackElo "2254"]

1.d4 Nf6 2.c4 e6 3.Nf3 b6 4.a3 Bb7 5.Nc3 Ne4 6.Nxe4 Bxe4 7.Nd2 Bg6 8.g3 Nc6
9.e3 e5 10.d5 Na5 11.b4 Nb7 12.Bb2 Bd6 13.Bg2 Qe7 14.O-O O-O 15.f4 Bd3 16.Re1 e4
17.Nb3 f5 18.Nd4 a5 19.g4 fxg4 20.Qxg4 g6 21.Bh3 Bxc4 22.f5 Qg7 23.Kh1 Kh8
24.Rg1 Be5 25.Qxe4 Nd6 26.Qf3 Bd3 27.Bg2 Qh6 28.h3 Ne4 29.Rgd1 Ng3+ 30.Kg1 Be4
31.Qf2 gxf5 32.Qxg3 Qf6 33.Qe1 Bxg2 34.Kxg2 Rg8+ 35.Kf1 Qh6 36.Rd2 Qxh3+
37.Ke2 Rg3 38.Kd3 f4 39.Re2 Re8 40.Kc4 fxe3 41.Qf1 Qh4 42.Qf7 Re7 43.Qf5 Bg7
44.Rd1 Rg4 45.Kb3 Rf4 46.Qc2 Rxd4 47.Bxd4 Bxd4 48.Qxc7 Rg7 49.Qc8+ Rg8 50.Qxd7 Qh5
51.Qb5 Rg2 52.Rde1 Rg5 53.Qc4 Qg4 54.Rd1 a4+ 55.Kxa4 Qd7+ 56.Kb3 Rxd5 57.a4 Rd6
58.Rg2 Bg7 59.Rxd6 Qxd6 60.Qc8+ Qf8 61.Qxf8+ Bxf8 62.Kc4  1-0

[Event "22nd Caen Alekhine Open A"]
[Site "Caen FRA"]
[Date "2012.11.01"]
[Round "1.6"]
[White "Godart,F"]
[Black "Winkelaar,Cor"]
[Result "1-0"]
[WhiteElo "2319"]
[BlackElo "1805"]

1.d4 Nf6 2.c4 e6 3.Nf3 b6 4.a3 Be7 5.Nc3 Bb7 6.d5 O-O 7.e4 exd5 8.cxd5 d6
9.Bd3 Nbd7 10.O-O Ne5 11.Nd4 c5 12.Nf5 Nfd7 13.f4 Nxd3 14.Qxd3 Re8 15.Qg3 Bf6
16.Nxd6 Bd4+ 17.Be3 Bxe3+ 18.Qxe3 Rf8 19.e5 Ba6 20.Rfe1 Qc7 21.Nce4 c4 22.Kh1 b5
23.Qg3 Kh8 24.Nf5 Rg8 25.Ng5 Nf6 26.Qh4  1-0

[Event "Chigorin Memorial"]
[Site "St Petersburg RUS"]
[Date "2012.11.01"]
[Round "6.24"]
[White "Socko,M"]
[Black "Ipatov,Alexander"]
[Result "1-0"]
[WhiteElo "2445"]
[BlackElo "2591"]

1.d4 Nf6 2.c4 e6 3.Nf3 b6 4.a3 Bb7 5.Nc3 g6 6.d5 exd5 7.cxd5 Bg7 8.g3 O-O
9.Bg2 c6 10.O-O Re8 11.Ng5 Qe7 12.d6 Qf8 13.f4 h6 14.Nh3 Re6 15.Nb5 Na6 16.f5 Re5
17.Nc3 Rxf5 18.Bf4 Re8 19.e4 Rh5 20.Nf2 Nc5 21.b4 Ne6 22.e5 Nd5 23.Nxd5 cxd5
24.Ng4 Kh8 25.Bxd5 Bxd5 26.Qxd5 f5 27.Nf2 g5 28.Bd2 f4 29.Rae1 g4 30.Nxg4 Qf5
31.Nf2 fxg3 32.hxg3 Ng5 33.Bf4 Qg6 34.Kg2 Ne6 35.Nd3 Qg4 36.Qf3 Qg6 37.Rh1 Rf5
38.Rh4 Rc8 39.Qe4 Rc2+ 40.Re2 Rxe2+ 41.Qxe2 Rf8 42.Qe3 Kh7 43.Nf2 Rf5 44.Rg4 Qf7
45.Qe4 Kg8 46.Nd3 Rh5 47.Be3 Kh8 48.Rh4 Rxh4 49.Qxh4 Qf5 50.Qc4 h5 51.Nf4 b5
52.Qc8+ Kh7 53.Nxe6 Qxe6 54.Qc2+ Kg8 55.Bf4 Kf7 56.Qe2 Qf5 57.Qxb5 Qc2+ 58.Kf3 Ke6
59.a4 Qb3+ 60.Kf2 Qb2+ 61.Qe2 Qxe2+ 62.Kxe2 Bxe5 63.Bxe5 Kxe5 64.Ke3 Kd5
65.Kd3 Ke5 66.Kc4 Kxd6 67.b5 Kc7 68.a5 Kc8 69.Kc5 Kc7 70.Kd5  1-0

[Event "39th ch-IND Premier w 2012"]
[Site "Jalgaon IND"]
[Date "2012.11.02"]
[Round "10.1"]
[White "Mohota,N"]
[Black "Karavade,E"]
[Result "0-1"]
[WhiteElo "2323"]
[BlackElo "2393"]

1.d4 e6 2.c4 Nf6 3.Nf3 b6 4.a3 c5 5.d5 Ba6 6.Qc2 exd5 7.cxd5 g6 8.e4 Bxf1
9.Kxf1 Bg7 10.g3 O-O 11.Kg2 d6 12.Nc3 Nbd7 13.Bf4 Qe7 14.Rhe1 Ng4 15.Rad1 a6
16.h3 Nge5 17.Bg5 Qe8 18.Nxe5 Nxe5 19.f4 Nd7 20.e5 dxe5 21.fxe5 Nxe5 22.d6 f6
23.d7 Qf7 24.Rxe5 fxg5 25.Red5 Qf3+ 26.Kh2 Rad8 27.R5d2 Bd4 28.Qb3+ Kh8 29.Qxb6 Rxd7
30.Qe6 Rb7 31.Re1 Rbf7 32.Ne4 Rf5 33.Qxa6 Be3 34.Qe2 Bxd2 35.Qxd2 Re5 36.Re3 Qf1
37.Qg2 Rf2 38.Nxf2 Qxg2+ 39.Kxg2 Rxe3 40.a4 Re2 41.Kf3 Rxb2 42.Ne4 Rb3+ 43.Ke2 c4
44.Kd2 Ra3 45.Nc3 Kg7 46.Kc2 Kf6 47.Nd5+ Ke5 48.Nc3 Rb3 49.a5 Ra3  0-1

[Event "Subzonal 2.3 2012"]
[Site "Pamplona COL"]
[Date "2012.11.08"]
[Round "7.5"]
[White "Rios,Cr"]
[Black "Hernandez,Ja"]
[Result "1-0"]
[WhiteElo "2351"]
[BlackElo "2348"]

1.d4 Nf6 2.c4 e6 3.Nf3 b6 4.a3 c5 5.d5 exd5 6.cxd5 d6 7.Nc3 Be7 8.e4 O-O
9.h3 Ba6 10.Bxa6 Nxa6 11.O-O Re8 12.Re1 Nd7 13.Bf4 Nf8 14.e5 dxe5 15.Nxe5 Bd6
16.Nc6 Qd7 17.Rxe8 Rxe8 18.Bxd6 Qxd6 19.Nxa7 Nc7 20.Qa4 Nd7 21.Rd1 Ne5 22.Nab5 Nxb5
23.Qxb5 Rd8 24.Ne4 Qg6 25.Qe2 Nd7 26.Nc3 h6 27.Qe7 Qg5 28.d6 Ne5 29.f4  1-0

[Event "Subzonal 2.3 2012"]
[Site "Pamplona COL"]
[Date "2012.11.08"]
[Round "8.2"]
[White "Rios,Cr"]
[Black "Sanchez L,S"]
[Result "1/2-1/2"]
[WhiteElo "2351"]
[BlackElo "2282"]

1.d4 Nf6 2.c4 e6 3.Nf3 b6 4.a3 Bb7 5.Nc3 d5 6.cxd5 Nxd5 7.Qc2 Be7 8.e4 Nxc3
9.bxc3 O-O 10.Bd3 c5 11.O-O Nd7 12.a4 Rc8 13.Qe2 Qc7 14.Ba3 e5 15.d5 c4 16.Bxe7 cxd3
17.Qxd3 Rfe8 18.Bb4 a5 19.Ba3 Qc4 20.Qe3 Qxc3 21.Qxc3 Rxc3 22.Rfc1 Rxc1+
23.Rxc1 Rc8  1/2-1/2

[Event "WY BU14 2012"]
[Site "Maribor SLO"]
[Date "2012.11.09"]
[Round "2.53"]
[White "Stefanov,Emil"]
[Black "Ozmen,Mustafa Lutfi Poyraz"]
[Result "1-0"]
[WhiteElo "1904"]
[BlackElo "1723"]

1.d4 Nf6 2.c4 e6 3.Nf3 b6 4.a3 Bb7 5.Nc3 d5 6.cxd5 Nxd5 7.Qc2 Nxc3 8.bxc3 Nd7
9.e4 Be7 10.Bd3 c5 11.Qe2 Rc8 12.O-O O-O 13.Bb2 Qc7 14.Rfe1 c4 15.Bc2 b5
16.Rab1 Rfd8 17.e5 Rb8 18.Bc1 Qc6 19.Qd1 Nf8 20.Be4 Qd7 21.Qc2 a5 22.Bg5 Rdc8
23.Bxe7 Qxe7 24.Bxb7 Rxb7 25.Rec1 Ng6 26.g3 Nf8 27.Kg2 Nd7 28.Nd2 Qxa3 29.Ra1 Qe7
30.Rxa5 b4 31.cxb4 Qxb4 32.Qc3 Qxc3 33.Rxc3 Rbc7 34.Ne4 Nb6 35.Nd6 Nd5 36.Nxc8 Nxc3
37.Nb6 Kf8 38.Rc5 Rxc5 39.dxc5 Nd5 40.Nxc4 Ke7 41.Kf3 Kd7 42.Ke4 Nc3+ 43.Kd3 Nd5
44.Na5 Kc7 45.Kc4 f6 46.exf6 gxf6 47.Nb3 Ne7 48.Nd4 e5 49.Nb5+ Kc6 50.Nd6 Nd5
51.Nf5 Nc7 52.Ne7+ Kd7 53.Nd5 Ne8 54.Kb5 f5 55.Kb6 e4 56.c6+ Kd6 57.c7 Nxc7
58.Nxc7 e3 59.fxe3 Ke5 60.Kc5 Ke4 61.Nd5 Kf3 62.Kd4 Kg2 63.Ke5 Kxh2 64.Kf4  1-0

[Event "WY BU18 2012"]
[Site "Maribor SLO"]
[Date "2012.11.11"]
[Round "4"]
[White "Swiercz,D"]
[Black "Idani,P"]
[Result "1-0"]
[WhiteElo "2611"]
[BlackElo "2462"]

1.d4 Nf6 2.c4 e6 3.Nf3 b6 4.a3 Ba6 5.Qc2 Bb7 6.Nc3 c5 7.e4 cxd4 8.Nxd4 Bc5
9.Nf3 Nc6 10.b4 Bd6 11.Bb2 O-O 12.Nb5 Bb8 13.Rd1 Ne7 14.e5 Ng4 15.h3 Nh6
16.Bd3 Ng6 17.Be4 Qc8 18.O-O a6 19.Nd6 Bxd6 20.Rxd6 Rb8 21.Rfd1 Rd8 22.g4 Qc7
23.Ng5 Rbc8 24.R1d4 Bxe4 25.Qxe4 Nf8 26.Bc1 a5 27.b5 Qc5 28.Qe3 Qc7 29.Qd3 Kh8
30.Bf4 Qb7 31.Bg3 Kg8 32.Bf4 Kh8 33.Be3 Kg8 34.Ne4 Kh8 35.Bg5  1-0

[Event "Brno Open 2012"]
[Site "Brno CZE"]
[Date "2012.11.12"]
[Round "3"]
[White "Snorek,M"]
[Black "Parligras,C"]
[Result "0-1"]
[WhiteElo "2173"]
[BlackElo "2298"]

1.d4 Nf6 2.Nf3 e6 3.c4 b6 4.a3 Bb7 5.Nc3 d5 6.Bg5 Be7 7.Qa4+ Nbd7 8.Bxf6 Bxf6
9.cxd5 exd5 10.g3 O-O 11.Bg2 a6 12.Qb3 c5 13.Rd1 c4 14.Qc2 b5 15.O-O Qe7
16.Rfe1 Rfe8 17.Ne5 Nxe5 18.dxe5 Qxe5 19.Nxd5 Bxd5 20.Bxd5 Rad8 21.Bb7 Qxb2
22.Qxb2 Bxb2 23.Bc6 Kf8 24.a4 Rxd1 25.Rxd1 c3 26.axb5 c2 27.Rc1 Bxc1  0-1

[Event "VIII Governor's Cup"]
[Site "Khanty-Mansiysk RUS"]
[Date "2012.11.15"]
[Round "1.9"]
[White "Gordievsky,D"]
[Black "Shimanov,A"]
[Result "0-1"]
[WhiteElo "2422"]
[BlackElo "2597"]

1.d4 Nf6 2.c4 e6 3.Nf3 b6 4.a3 c5 5.d5 Ba6 6.Qc2 exd5 7.cxd5 g6 8.Nc3 Bg7
9.g3 O-O 10.Bg2 d6 11.O-O Qe7 12.Re1 Nbd7 13.Bf4 b5 14.h3 Nh5 15.Bg5 f6 16.Bd2 f5
17.Ng5 f4 18.gxf4 Nxf4 19.Bxf4 Rxf4 20.Ne6 Rf7 21.Nc7 Raf8 22.Nxa6 Rxf2 23.Qe4 Be5
24.Rf1 R2f4 25.Qd3 c4 26.Qd2 Bd4+ 27.Kh1 Be3 28.Qc2 Ne5 29.Rxf4 Rxf4 30.Rf1 Rxf1+
31.Bxf1 Qg5 32.Bg2 Qg3  0-1

[Event "11th Kheireddine Ameyar Mem 2012"]
[Site "Algiers ALG"]
[Date "2012.11.17"]
[Round "4.8"]
[White "Kaabi,M"]
[Black "Nassr,A"]
[Result "1-0"]
[WhiteElo "2363"]
[BlackElo "2056"]

1.d4 Nf6 2.Nf3 e6 3.c4 b6 4.a3 Bb7 5.Nc3 d5 6.Bg5 Be7 7.e3 Nbd7 8.Rc1 dxc4
9.Bxc4 O-O 10.O-O a6 11.Qe2 b5 12.Ba2 c5 13.Rfd1 c4 14.Bb1 Nd5 15.Bxe7 Qxe7
16.e4 Nxc3 17.Rxc3 g6 18.h3 f6 19.Qe3 Rae8 20.Nh2 f5 21.f3 Qd6 22.Rcc1 Nb6
23.Re1 Kf7 24.Rcd1 Re7 25.Qg5 Rfe8 26.h4 Kg7 27.h5 Qd7 28.Nf1 Rf7 29.Ng3 Qe7
30.Qxe7 Rfxe7 31.Kf2 Kf7 32.Rd2 Rd7 33.Red1 Red8 34.Ne2 fxe4 35.fxe4 gxh5
36.Rh1 Rf8 37.Ng1 Kg8+ 38.Nf3 Rg7 39.Rxh5 Rf4 40.Re5 c3 41.Re2 Nc4 42.Rxe6 cxb2
43.d5 Nxa3 44.Rxb2 Nc4 45.Re2 Rfg4 46.Kf1 Rxg2 47.Rxg2 Ne3+ 48.Kf2 Nxg2 49.Re8+ Kf7
50.Rb8 Kf6 51.e5+ Kf7  1-0

[Event "22nd World Seniors Women"]
[Site "Kamena Vourla GRE"]
[Date "2012.11.18"]
[Round "6.8"]
[White "Saunina,L"]
[Black "Kabanova,I"]
[Result "1-0"]
[WhiteElo "2272"]
[BlackElo "1976"]

1.d4 Nf6 2.Nf3 e6 3.a3 b6 4.c4 d5 5.b3 Bb7 6.Bb2 g6 7.e3 Bg7 8.Nbd2 O-O 9.Be2 Nbd7
10.O-O Ne4 11.Qc2 Nxd2 12.Qxd2 Nf6 13.Qc2 Rc8 14.c5 c6 15.b4 b5 16.a4 a6
17.Nd2 Nd7 18.e4 f5 19.f3 Qe7 20.Bd3 h6 21.Rae1 Qf6 22.Nb3 Ba8 23.axb5 axb5
24.Ra1 Rf7 25.Ra7 Nf8 26.Rfa1 Rxa7 27.Rxa7 Qd8 28.Bc3 Rc7 29.Ra3 Bb7 30.Qa2 Qe7
31.Qe2 Qd8 32.Ra1 Kh7 33.g3 Qd7 34.Kg2 Qd8 35.Qe3 Rf7 36.Na5 Ba8 37.Re1 Qc7
38.Bd2 Rd7 39.exf5 exf5 40.Qe8 Qa7 41.Bf4 Rf7 42.Bb8 Qd7 43.Bd6 Bb7 44.Qxd7 Rxd7
45.Re8 Kg8 46.Rb8 Ba6 47.Nxc6  1-0

[Event "WY GU16 2012"]
[Site "Maribor SLO"]
[Date "2012.11.18"]
[Round "11.25"]
[White "Vlckova,Katerina"]
[Black "Kostitsina,L"]
[Result "1/2-1/2"]
[WhiteElo "1846"]
[BlackElo "2015"]

1.d4 Nf6 2.Nf3 e6 3.c4 b6 4.a3 Bb7 5.Nc3 d5 6.cxd5 exd5 7.Bf4 Be7 8.Nb5 Na6
9.Rc1 c6 10.Nc3 O-O 11.e3 Nc7 12.Bd3 Ne6 13.Bg3 c5 14.O-O a6 15.Bb1 g6 16.Qe2 c4
17.Ne5 Nh5 18.f4 f5 19.Rf3 b5 20.Rcf1 Qe8 21.Be1 a5 22.Rh3 b4 23.axb4 axb4
24.Na2 Ra4 25.g4 Nhg7 26.Bh4 Bd6 27.gxf5 gxf5 28.Qg2 Qc8 29.Be1 Qa8 30.Rh6 Bc8
31.Qh3 Rxa2 32.Bxa2 Qxa2 33.Bxb4 Bxe5 34.Bxf8 Nxf8 35.fxe5 Qxb2  1/2-1/2

[Event "WY BU16 2012"]
[Site "Maribor SLO"]
[Date "2012.11.18"]
[Round "11.50"]
[White "Zhang,Roy Yinian"]
[Black "Hackner,Oskar A"]
[Result "0-1"]
[WhiteElo "1901"]
[BlackElo "1985"]

1.d4 Nf6 2.c4 e6 3.Nf3 b6 4.a3 Bb7 5.Nc3 d5 6.cxd5 Nxd5 7.e3 Be7 8.Bb5+ c6
9.Bd3 O-O 10.e4 Nf6 11.O-O c5 12.Be3 cxd4 13.Bxd4 Nc6 14.Be3 Rc8 15.Qe2 Qc7
16.h3 Rfd8 17.Rac1 Qb8 18.Rfd1 Nd7 19.Bb5 Bf6 20.Nd2 Nde5 21.f4 Ng6 22.e5 Be7
23.Qf2 Nd4 24.b4 Bh4 25.g3 Rxc3 26.Rxc3 Nxb5 27.Rb3 Be7 28.a4 Nc7 29.a5 Nd5
30.axb6 axb6 31.Bxb6 Nxb6 32.Qxb6 Qc8 33.Rbb1 Rd3 34.Nf1 Qc2 35.Qf2 Qxd1
36.Rxd1 Rxd1 37.Qb6 Bd5 38.Kf2 Rb1 39.b5 Bc4 40.Nd2 Rb2 41.Ke3 Bxb5 42.h4 Bb4
43.Ne4 Rb3+ 44.Kf2 Bd3 45.Qd8+ Nf8 46.Ng5 h6 47.Nf3 Bc5+ 48.Ke1 Bf5 49.Nd2 Re3+
50.Kf1 Bh3+  0-1

[Event "WY BU18 2012"]
[Site "Maribor SLO"]
[Date "2012.11.18"]
[Round "11.14"]
[White "Lagarde,Max"]
[Black "Makhmutov,R"]
[Result "1-0"]
[WhiteElo "2501"]
[BlackElo "2354"]

1.Nf3 Nf6 2.c4 e6 3.d4 b6 4.a3 Bb7 5.Nc3 d5 6.Qa4+ c6 7.Bg5 Be7 8.e3 O-O
9.Bxf6 Bxf6 10.cxd5 exd5 11.g3 a5 12.h4 Re8 13.Qc2 Nd7 14.Bd3 g6 15.h5 Bg7
16.hxg6 hxg6 17.Rh4 Qf6 18.Rf4 Qe7 19.Kf1 Ba6 20.Bxa6 Rxa6 21.a4 Nf6 22.Kg2 Qb7
23.Rh1 Raa8 24.Ne5 Re7 25.Ne2 c5 26.Nxg6 fxg6 27.Qxg6 Rf7 28.g4 Kf8 29.g5 Ne4
30.Rhh4 Rxf4 31.Rxf4+  1-0

[Event "VIII Governor's Cup"]
[Site "Khanty-Mansiysk RUS"]
[Date "2012.11.22"]
[Round "8.6"]
[White "Gordievsky,D"]
[Black "Khismatullin,D"]
[Result "0-1"]
[WhiteElo "2422"]
[BlackElo "2646"]

1.d4 Nf6 2.c4 e6 3.Nf3 b6 4.a3 Ba6 5.Qc2 Bb7 6.Nc3 c5 7.e4 cxd4 8.Nxd4 d6
9.Be2 Be7 10.O-O O-O 11.Be3 a6 12.f4 Nbd7 13.Bf3 Qc7 14.Rac1 g6 15.b4 Rac8
16.f5 exf5 17.exf5 Ne5 18.fxg6 hxg6 19.Bxb7 Qxb7 20.Bg5 Rxc4 21.Bxf6 Rxd4
22.Bxe7 Qxe7 23.Qf2 Qh4 24.Qxh4 Rxh4 25.Nd5 b5 26.Rcd1 Kg7 27.Nf6 Nc4 28.g3 Rhh8
29.Rd3 Rc8 30.Rf2 Rc7 31.Kg2 Re7 32.g4 Re6 33.Nd5 Re5 34.Kg3 Rhe8 35.h4 Re1
36.Rdf3 Ne5 37.Rf4 Rg1+ 38.Kh2 Rd1 39.Nf6 Re7 40.Re4 Re6 41.g5 Rd3 42.Kg2 Rxa3
43.h5 gxh5 44.Nxh5+ Kf8 45.Nf4 Re8 46.g6 Re7 47.Rd4 Kg7 48.gxf7 Nxf7 49.Nh5+ Kh6
50.Nf6 Kg6 51.Rg4+ Ng5 52.Rd4 Re6 53.Nd5 Kg7 54.Nf4 Rh6 55.Re2 Rh2+ 56.Kxh2 Nf3+
57.Kg2 Nxd4 58.Re7+ Kf6 59.Nd5+ Kf5 60.Ne3+ Kg5 61.Rg7+ Kf6 62.Rg3 Ra2+ 63.Kh3 Ke5
64.Ng4+ Kd5 65.Rc3 Rb2 66.Nf6+ Ke6 67.Ne8 Rxb4 68.Nc7+ Kd7 69.Nxa6 Rc4  0-1

[Event "VIII Governor's Cup B"]
[Site "Khanty-Mansiysk RUS"]
[Date "2012.11.23"]
[Round "9"]
[White "Chekletsov,Egor"]
[Black "Lauda,A"]
[Result "0-1"]
[WhiteElo "1867"]
[BlackElo "1997"]

1.d4 Nf6 2.c4 e6 3.Nf3 b6 4.a3 Bb7 5.Nc3 d5 6.cxd5 exd5 7.Bg5 Be7 8.e3 O-O
9.Bd3 Nbd7 10.O-O Ne4 11.Bxe7 Qxe7 12.Nd2 f5 13.Re1 Qh4 14.Qe2 Rf6 15.f3 Rh6
16.Nf1 Ng3 17.Nxg3 Qxh2+ 18.Kf2 Rg6 19.Rh1 Qxg3+ 20.Kf1 Re8 21.Bxf5 Ba6 22.Qxa6 Qxg2+
23.Ke1 Qxh1+ 24.Kd2 Rg2+  0-1

[Event "VIII Governor's Cup B"]
[Site "Khanty-Mansiysk RUS"]
[Date "2012.11.23"]
[Round "9"]
[White "Pogromsky,M"]
[Black "Davletbayeva,M"]
[Result "1/2-1/2"]
[WhiteElo "2415"]
[BlackElo "2220"]

1.d4 Nf6 2.Nf3 e6 3.c4 b6 4.a3 Bb7 5.Nc3 d5 6.Qc2 Be7 7.cxd5 Nxd5 8.Bd2 O-O
9.e4 Nxc3 10.Bxc3 c5 11.dxc5 Bxc5 12.Rd1 Qc7 13.Bd3 Nd7 14.O-O Rac8 15.Qe2 Rfd8
16.Ba6 Bxa6 17.Qxa6 Nb8 18.Qa4 h6 19.Rxd8+ Rxd8 20.Rd1 Rxd1+ 21.Qxd1 Bf8
22.h3 Qd7 23.Qxd7 Nxd7 24.Kf1 Nc5 25.Nd2 f6 26.Bd4 Nd7  1/2-1/2

[Event "XXVIII Voivoda Cup"]
[Site "Legnica POL"]
[Date "2012.11.23"]
[Round "2.2"]
[White "Sieciechowicz,M"]
[Black "Romanishin,O"]
[Result "1/2-1/2"]
[WhiteElo "2443"]
[BlackElo "2530"]

1.d4 Nf6 2.c4 e6 3.Nf3 b6 4.a3 Bb7 5.Nc3 g6 6.d5 exd5 7.cxd5 Bg7 8.g3 O-O
9.Bg2 c6 10.d6 Na6 11.O-O Nc5 12.Qc2 Re8 13.Bf4 Nfe4 14.Nxe4 Nxe4 15.Rad1 c5
16.Ng5 Nxg5 17.Bxg5 Qc8 18.Bxb7 Qxb7 19.Be7 Bf8 20.Bxf8 Kxf8 21.Rfe1 Qe4
22.Rd3 Rac8 23.Qd2 Kg8 24.f3 Qc6 25.e4 c4 26.Rde3 Qc5 27.Kg2 f6 28.f4 Re6
29.e5 fxe5 30.fxe5 Rce8 31.Qe2 b5 32.h4 a5 33.Re4 Qd5 34.Kh2 Qd3 35.Qf2 Qd5
36.Qe2  1/2-1/2

[Event "Malta Open 2012"]
[Site "Bugibba MLT"]
[Date "2012.11.24"]
[Round "8"]
[White "Brynell,S"]
[Black "Sgnaolin,D"]
[Result "1/2-1/2"]
[WhiteElo "2500"]
[BlackElo "2256"]

1.d4 Nf6 2.Nf3 e6 3.c4 b6 4.a3 Ba6 5.e3 d5 6.Nbd2 Bd6 7.b4 c5 8.dxc5 bxc5
9.b5 Bb7 10.Bb2 Nbd7 11.Be2 O-O 12.O-O Qc7 13.h3 Rfd8 14.Qc2 Rac8 15.Rfd1 Ne5
16.a4 Nxf3+ 17.Bxf3 Be5 18.Bxe5 Qxe5 19.Nb3 Qc7 20.Rac1 dxc4 21.Nd2 c3 22.Qxc3 Bxf3
23.Nxf3 Rxd1+ 24.Rxd1 Nd5 25.Qc2 h6 26.Rc1 c4 27.Nd4 c3 28.Nc6 f5 29.e4 fxe4
30.Qxe4 Qf7 31.Rc2 a6 32.Re2 axb5 33.axb5 Qf5 34.f3 Kf7 35.Qa4 Qf4 36.Qa7+ Qc7
37.Qa4 Qb6+ 38.Kh1 Qc5 39.Qe4 Qd6 40.Ra2 Nf6 41.Qc2 Nd5 42.Qd3 Qf4 43.Qc2 Qe3
44.Ra4 Qe1+ 45.Kh2 Rxc6 46.bxc6 Ne3 47.Qe4 Nf1+ 48.Kg1 Ne3+ 49.Kh2 Nf1+ 50.Kg1 Ne3+
51.Kh2  1/2-1/2

[Event "British Rapidplay"]
[Site "Leeds ENG"]
[Date "2012.11.24"]
[Round "4.2"]
[White "Gormally,D"]
[Black "Cobb,J"]
[Result "0-1"]
[WhiteElo "2495"]
[BlackElo "2423"]

1.d4 Nf6 2.Nf3 e6 3.c4 b6 4.a3 Bb7 5.Nc3 Be7 6.d5 O-O 7.e4 d6 8.Bd3 Nbd7
9.O-O Ne5 10.Nd4 Nxd3 11.Qxd3 e5 12.Nf5 Bc8 13.Nxe7+ Qxe7 14.f4 exf4 15.Bxf4 Ng4
16.Qg3 Re8 17.h3 Ne5 18.Bg5 Qd7 19.Bf6 Ng6 20.Bd4 Qe7 21.Rf4 a6 22.Raf1 f6
23.R4f2 Qd7 24.b4 a5 25.b5 Rf8 26.Rf3 Qe7 27.h4 Bd7 28.h5 Ne5 29.Rf4 h6 30.Nd1 Rf7
31.Nb2 Raf8 32.Qc3 f5 33.exf5 Rxf5 34.Rxf5 Rxf5 35.Rxf5 Bxf5 36.Qe3 Qf6 37.Nd1 Bg4
38.Nf2 Bxh5 39.Ne4 Qh4 40.Bxe5 dxe5 41.c5 bxc5 42.d6 cxd6 43.b6 Qd8 44.b7 Bf7
45.Qd2 Qb6 46.Nxd6 c4+ 47.Kh2 Be6 48.a4 c3 49.Qxc3 Qxd6 50.Qxa5 e4+ 51.g3 Kh7
52.Qa8 Qd2+ 53.Kg1 Bh3  0-1

[Event "2nd UNAM Open Section I 2012"]
[Site "Mexico City MEX"]
[Date "2012.11.25"]
[Round "8.6"]
[White "Maisuradze,N"]
[Black "Cordova,E"]
[Result "0-1"]
[WhiteElo "2315"]
[BlackElo "2568"]

1.d4 Nf6 2.c4 e6 3.Nf3 b6 4.a3 c5 5.d5 Ba6 6.Qc2 exd5 7.cxd5 g6 8.Nc3 Bg7
9.e4 Bxf1 10.Kxf1 d6 11.Bf4 O-O 12.Nb5 Ne8 13.h4 h5 14.Re1 a6 15.Nc3 Nd7
16.e5 dxe5 17.Nxe5 Nxe5 18.Bxe5 Nf6 19.Rh3 Re8 20.Qd2 Qd7 21.Rd3 Ng4 22.Bxg7 Rxe1+
23.Qxe1 Re8 24.Qd2 Kxg7 25.b3 Qd6 26.g3 Nh6 27.Re3 Rd8 28.Rd3 Nf5 29.Ne2 Qe5
30.Qc3 Qxc3 31.Nxc3 Kf6 32.f4 Ke7 33.Kf2 Nd4 34.b4 Kd6 35.Rd1 Rb8 36.Rc1 f5
37.Re1 cxb4 38.axb4 Rc8 39.Rc1 Kd7 40.Ke3 Nb5 41.Ne2 Rxc1 42.Nxc1 Kd6 43.Nd3 Nc3
44.Kd4 Nxd5 45.b5 axb5 46.Ne5 Ne7 47.Nf7+ Kd7 48.Kc3 Ke6 49.Ne5 Kd5 50.Kd3 b4
51.Nd7 b5 52.Ne5 Kc5 53.Nd7+ Kd6 54.Ne5 Kd5 55.Nd7 b3 56.Nf6+ Kc5 57.Nd7+ Kb4
58.Nb6 Ka3 59.Kd4  0-1

[Event "TCh-SVK Extraliga 2012-13"]
[Site "Slovakia SVK"]
[Date "2012.11.25"]
[Round "4.6"]
[White "Najgebauer,S"]
[Black "Jelen,P1"]
[Result "1-0"]
[WhiteElo "2187"]
[BlackElo "2237"]

1.Nf3 Nf6 2.c4 e6 3.d4 b6 4.a3 Bb7 5.Nc3 Be7 6.Qc2 c5 7.dxc5 bxc5 8.Bg5 d5
9.cxd5 exd5 10.e3 O-O 11.Be2 h6 12.Bh4 Ne4 13.Nxe4 dxe4 14.Bxe7 Qxe7 15.Nd2 Nd7
16.O-O Rac8 17.Rfd1 Nf6 18.Rac1 Rc7 19.Nc4 Bd5 20.Rd2 Qe6 21.Na5 Rfc8 22.Bc4 Rd8
23.Rcd1 Rcd7 24.h3 Qb6 25.Qc3 Qe6 26.Bb5 Rc7 27.Bc4 Rcd7 28.Bxd5 Rxd5 29.Nb7 Rc8
30.Rxd5 Nxd5 31.Qc4 Nf4 32.Qxe6 Nxe6 33.Rd7 Rb8 34.Nd6 Rxb2 35.Rxa7 Rb3 36.a4 Rb4
37.a5 c4 38.Ra8+ Kh7 39.Nxe4 f5 40.Nd6 f4 41.Rc8 Rb1+ 42.Kh2 Rb2 43.Rxc4 Rxf2
44.exf4 Nxf4 45.Kg3 Rd2 46.Kxf4 Rxd6 47.Ke5 Rg6 48.Rg4  1-0

[Event "XXVI Belgrade Trophy 2012"]
[Site "Belgrade SRB"]
[Date "2012.11.26"]
[Round "3.10"]
[White "Ratkovic,Milov"]
[Black "Rajkovic,Du"]
[Result "1-0"]
[WhiteElo "2304"]
[BlackElo "2418"]

1.d4 Nf6 2.c4 e6 3.Nf3 b6 4.a3 c5 5.d5 exd5 6.cxd5 g6 7.Nc3 Bg7 8.e4 O-O
9.Bd3 d6 10.h3 Ba6 11.O-O Qc7 12.Bxa6 Nxa6 13.Bf4 Ne8 14.Re1 f6 15.Rc1 Qd7
16.Qd3 Nac7 17.b4 Rd8 18.Rcd1 Rf7 19.bxc5 bxc5 20.Rb1 Qc8 21.Qc4 Na8 22.Na4 Rb7
23.Rb5 Nec7 24.Rxb7 Qxb7 25.Nxc5 dxc5 26.d6+ Kh8 27.dxc7 Nxc7 28.Qf7  1-0